000 00296nam a22001337a 4500
008 170714b xxu||||| |||| 00| 0 eng d
020 _a9780205098019
041 _aeng
080 _23RD
_a101
100 _a24
101 _aFIL
245 _aTHINKING SORATICALLY
_cSCHWARZE,SH
942 _2udc
_cBK
999 _c20800
_d20800